00377 2200145 4500245006100000020002200061250001000083100001800093005001900111260004100130041001400171084001100185300002600196336000900222 aOne Small Step Can Change Your LivecRobert MaurerhText a978-623-00-2986-8 aCet.1 aRobert Maurer a20241023110949 aJakartabElex Media Komputindoc2022 aIndonesia a155.25 a146 hlm :cilus 21 cm atext